000 00711nam a2200193 a 4500
001 000006445
005 20200929153931.0
008 900928s1989 bo a b 000 0dspa
040 _aDO-SdBNP
_bspa
_cBNPHU
082 _axxxxxx
_bxxxxxx
100 1 _aCrespo R., Alberto.
_917895
245 1 3 _aLa Ciudad de La Paz :
_bsu historia - su cultura /
_cAlberto Crespo Rodas, Mariano Baptista Gumucio, José de Mesa.
260 _aLa Paz, Bolivia :
_bAlcaldia Municipal,
_c1989.
300 _a638 p. :
_bil. ;
_c22 cm.
500 _aIncluye datos biográficos de los autores en la contracubierta
504 _aBibliografía : p. 635-636.
700 1 _aBaptista Gumucio, Mariano.
_917896
700 1 _aMesa, José de
_917897
999 _c6240
_d6240